000
00299nam a22001457a 4500
003
SGT
082
_a
616.5
_b
C15W
100
_a
WELLER,RICHARD
245
_a
CLINICAL DERMATOLOGY
250
_a
5TH
260
_a
BLACKWELL
_b
WILEY
_c
2015
300
_a
438
650
_a
HOMOEOPATHIC
942
_2
ddc
_c
BK
999
_c
18537
_d
18537